Harry Potter Movie Picture Quiz - Spells #3 (multiple choice) - Statistics

General Stats
  • This quiz has been taken 39 times
  • The average score is 13 of 15
Answer Stats
Question Answer % Correct
Imperio
100%
Expecto Patronum
100%
Petrificus Totalus
96%
Sectumsempra
96%
Serpensortia
96%
Piertotum Locomotor
96%
Obliviate
96%
Expelliarmus
93%
Nox
93%
Immobulus
93%
Stupefy
89%
Lumos Solem
85%
Lumos Maxima
81%
Reducto
70%
Avada Kedavra
59%
No matching quizzes found
Score Distribution
Percent of People with Each Score
Percentile by Number Answered
Your Score History
You have not taken this quiz